<?xml version="1.0" encoding="UTF-8"?>
<collection xmlns="http://www.loc.gov/MARC21/slim">
 <record>
  <leader>01042nab a2200289 i 4500</leader>
  <controlfield tag="001">publ25396</controlfield>
  <controlfield tag="005">20221026120336.0</controlfield>
  <controlfield tag="008">221026s2021    hu      o     0||   Angol d</controlfield>
  <datafield tag="022" ind1=" " ind2=" ">
   <subfield code="a">2297-055X</subfield>
  </datafield>
  <datafield tag="024" ind1="7" ind2=" ">
   <subfield code="a">10.3389/fcvm.2021.758147</subfield>
   <subfield code="2">doi</subfield>
  </datafield>
  <datafield tag="024" ind1="7" ind2=" ">
   <subfield code="a">32526449</subfield>
   <subfield code="2">mtmt</subfield>
  </datafield>
  <datafield tag="040" ind1=" " ind2=" ">
   <subfield code="a">SZTE Publicatio Repozitórium</subfield>
   <subfield code="b">hun</subfield>
  </datafield>
  <datafield tag="041" ind1=" " ind2=" ">
   <subfield code="a">Angol</subfield>
  </datafield>
  <datafield tag="100" ind1="2" ind2=" ">
   <subfield code="a">Morvai-Illés Blanka</subfield>
  </datafield>
  <datafield tag="245" ind1="1" ind2="4">
   <subfield code="a">The Prognostic Value of Lung Ultrasound in Patients With Newly Diagnosed Heart Failure With Preserved Ejection Fraction in the Ambulatory Setting</subfield>
   <subfield code="h">[elektronikus dokumentum] /</subfield>
   <subfield code="c"> Morvai-Illés Blanka</subfield>
  </datafield>
  <datafield tag="260" ind1=" " ind2=" ">
   <subfield code="c">2021</subfield>
  </datafield>
  <datafield tag="300" ind1=" " ind2=" ">
   <subfield code="a">9</subfield>
  </datafield>
  <datafield tag="490" ind1="0" ind2=" ">
   <subfield code="a">FRONTIERS IN CARDIOVASCULAR MEDICINE</subfield>
   <subfield code="v">8</subfield>
  </datafield>
  <datafield tag="650" ind1=" " ind2="4">
   <subfield code="a">Klinikai orvostan</subfield>
  </datafield>
  <datafield tag="700" ind1="0" ind2="2">
   <subfield code="a">Polestyuk-Németh Nóra</subfield>
   <subfield code="e">aut</subfield>
  </datafield>
  <datafield tag="700" ind1="0" ind2="2">
   <subfield code="a">Szabó István Adorján</subfield>
   <subfield code="e">aut</subfield>
  </datafield>
  <datafield tag="700" ind1="0" ind2="2">
   <subfield code="a">Monoki Magdolna</subfield>
   <subfield code="e">aut</subfield>
  </datafield>
  <datafield tag="700" ind1="0" ind2="2">
   <subfield code="a">Gargani Luna</subfield>
   <subfield code="e">aut</subfield>
  </datafield>
  <datafield tag="700" ind1="0" ind2="2">
   <subfield code="a">Picano Eugenio</subfield>
   <subfield code="e">aut</subfield>
  </datafield>
  <datafield tag="700" ind1="0" ind2="2">
   <subfield code="a">Varga Albert</subfield>
   <subfield code="e">aut</subfield>
  </datafield>
  <datafield tag="700" ind1="0" ind2="2">
   <subfield code="a">Ágoston Gergely</subfield>
   <subfield code="e">aut</subfield>
  </datafield>
  <datafield tag="856" ind1="4" ind2="0">
   <subfield code="u">http://publicatio.bibl.u-szeged.hu/25396/1/pdf</subfield>
   <subfield code="z">Dokumentum-elérés </subfield>
  </datafield>
 </record>
</collection>
